zpět

Detail výsledku týmu

Centrum Kosatec, Pardubice

Datum a čas kvízu

32 Celkem bodů Celkový počet nahraných bodů na tomto kvízu bez doplňovacích otázek.
6. Pořadí na kvízu Konečné umístění týmu na tomto kvízu.

Zaznamenané odpovědi

# Otázka Odpověď Body Výsledky
1. Ministr kultury Ota Klempíř ro... každou první neděli v měsíci 0
2. Minulou středu odstartovala z... A 1
3. Která zpěvačka o víkendu prozr... Lucie Bílá 1
4. Vláda kterého evropského státu... Polska 0
5. „Všichni už jsou v Mexiku, Bue... 3:1 0
6. Vítězné téma facebookového hla... 1C 2B 3D 4A 0
7. Ve Formuli 1 můžeme občas zazn... A 1
8. Velká cena Monaka 1996 drží je... 3 piloti (uznáváme 2 až 4) 1
9. Tato stáj působila ve Formuli... Brawn GP 0
10. Ve kterém státě se nachází záv... v Mexiku 0